Big red barn / (Record no. 104694)
[ view plain ]
| 000 -LEADER | |
|---|---|
| fixed length control field | 00534nam a2200169 a 4500 |
| 005 - DATE AND TIME OF LATEST TRANSACTION | |
| control field | 20140412111327.0 |
| 008 - FIXED-LENGTH DATA ELEMENTS--GENERAL INFORMATION | |
| fixed length control field | 110117s19uu xx 00 eng d |
| 020 ## - INTERNATIONAL STANDARD BOOK NUMBER | |
| International Standard Book Number | 0-673-81639-7 |
| 050 ## - LIBRARY OF CONGRESS CALL NUMBER | |
| Classification number | BB |
| Item number | B84 1985 |
| 100 ## - MAIN ENTRY--PERSONAL NAME | |
| Personal name | Bond, Felicia |
| 245 ## - TITLE STATEMENT | |
| Title | Big red barn / |
| Statement of responsibility, etc | Felicia Bond. |
| 260 ## - PUBLICATION, DISTRIBUTION, ETC. (IMPRINT) | |
| Place of publication, distribution, etc | U.S.A : |
| Name of publisher, distributor, etc | Harper collins, |
| Date of publication, distribution, etc | 1985. |
| 520 ## - SUMMARY, ETC. | |
| Summary, etc | Rhymed text and illustrations introduce the many different animals that live in the big barn. |
| 650 ## - SUBJECT ADDED ENTRY--TOPICAL TERM | |
| Topical term or geographic name as entry element | Domestic animals-- fiction |
| 650 ## - SUBJECT ADDED ENTRY--TOPICAL TERM | |
| Topical term or geographic name as entry element | Farm life -- fiction |
| Withdrawn status | Lost status | Damaged status | Home library | Current library | Shelving location | Date acquired | Source of acquisition | Total Checkouts | Full call number | Barcode | Date last seen | Price effective from | Koha item type |
|---|---|---|---|---|---|---|---|---|---|---|---|---|---|
| Elizalde Library | Elizalde Library | Big Books Section | 01/17/2011 | BB B84 1985 | E8464 | 04/12/2014 | 04/12/2014 | Books |